The Family Circus Quiz Stats

Quiz Updated May 23, 2016

Also try: Comic Strip Dogs
Challenge
Share
Tweet
Embed
Score 0/18 Timer 03:00
0 Plays Today
Clue Answer % Correct
Father's nameBil
84.9%
Author/CartoonistBil Keane
73.9%
Kids' namesBilly
69.1%
Inker/ColoristJeff Keane
66.8%
Kids' namesJeffy
65.5%
Kids' namesDolly
52.9%
Kids' namesP.J.
49.5%
Year of launch1960
42.9%
Pet LabradorBarfy
29%
Clue Answer % Correct
Mother's nameThel
20.5%
Original name of the comicThe Family Circle
20.2%
State where comic takes placeArizona
14.1%
Pet orange tabbyKittycat
13.6%
Pet muttSam
10.1%
Syndicate that markets the stripKing Features
8.7%
City where comic takes placeScottsdale
7%
Granddad's nameAl
6.9%
Grandma's nameFlorence
3.5%

You're not logged in!

Compare scores with friends on all Sporcle quizzes.
Join for Free
OR
Log In

You Might Also Like...

Show Comments

Extras

Top Quizzes Today


Score Distribution

Your Account Isn't Verified!

In order to create a playlist on Sporcle, you need to verify the email address you used during registration. Go to your Sporcle Settings to finish the process.

Report this User

Report this user for behavior that violates our Community Guidelines.

Details: